Nuevas estrategias para la gestión del financiamiento en las universidades : experiencias en los países del OCDE y América Latina.

Guardado en:
Bibliografiske detaljer
Hovedforfatter: Sanyal, Bikas (autor)
Andre forfattere: Martín, Michaela (autor) (autor)
Format: Bog
Sprog:spansk
Fag:
Online adgang:Ver documento en línea
Tags: Tilføj Tag
Ingen Tags, Vær først til at tagge denne postø!

MARC

LEADER 00000cam^a2200000uu^4500
001 000527566
005 20260411000000.0
008 052102s2003^^^^^^^^^^^^rd^r^1000^0^spa^d
009 20260411194856.84
035 |a FCE 000071812 
037 |a Acervo ITESO - Biblioteca 
041 |a spa 
095 |a CD 393 
100 |a Sanyal, Bikas  |e (autor) 
245 1 0 |a Nuevas estrategias para la gestión del financiamiento en las universidades :  |b experiencias en los países del OCDE y América Latina.  |h [recurso electrónico] 
264 |a Caracas :  |b CRESALC,  |c 1997. 
300 |a 1 disco compacto (pp. 819-854) :  |c 4 3/4 pulg. 
336 |a texto  |b txt  |2 rdacontenido 
337 |a sin mediación  |b n  |2 rdamedio 
338 |a volumen  |b nc  |2 rdasoporte 
610 |a OCDE 
649 |a XX 
650 |a Financiamiento educativo 
650 |a Gestión 
650 |a Enseñanza superior 
650 |a América Latina 
740 |t En: La educación superior en el siglo XXI. 
740 |t Reduc: Documentos electrónicos. 
700 |a Martín, Michaela  |e (autor) 
856 4 0 |u https://biblioteca.uahurtado.cl/ujah/reduc/pdf/pdf/8165.pdf  |y Ver documento en línea 
910 |a Fondo Centro de Estudios Educativos 
920 |a Impresos - Libros 
930 |a Fondos Especiales 
905 |a 133 
902 |a https://opac.biblio.iteso.mx/vufind/Record/000527566